Joueurs de la NBA avec 3 MVP des finales ou plus - Statistiques

Statistiques générales
  • Ce quiz a été pris 358 fois
    334 depuis la dernière actualisation
  • Le résultat moyen est 3 sur 5
Statistiques - réponses
MVP Réponse % Correct
3 LeBron James
90%
6 Michael Jordan
87%
3 Magic Johnson
46%
3 Shaquille O'neal
45%
3 Tim Duncan
41%
Aucun quiz correspondant
Distribution des résultats
% des personnes avec chaque résultat
Percentile par nombre de réponses
Votre historique - résultats
Vous n’avez pas pris ce quiz depuis la dernière actualisation